[Event "Chioggia op-B 06th"]
[Site "Chioggia"]
[Date "2011.10.08"]
[Round "2"]
[White "Griguolo, Davide"]
[Black "Rossi, Gianni"]
[Result "0-1"]
[WhiteElo "1455"]
[BlackElo "1814"]
[PlyCount "132"]
[EventDate "2011.10.07"]
[EventType "swiss"]
[EventRounds "5"]
[EventCountry "ITA"]
[SourceTitle "EXT 2022"]
[Source "ChessBase"]
[SourceDate "2021.10.06"]
[SourceVersion "1"]
[SourceVersionDate "2021.10.06"]
[SourceQuality "1"]

1. e4 Nf6 2. Nc3 d5 3. exd5 Nxd5 4. Nxd5 Qxd5 5. Qf3 Qc5 6. c3 e5 7. Qe3 Nc6 8. Nf3 Qxe3+ 9. dxe3 Bg4 10. Be2 Be7 11. h3 Bh5 12. e4 Bg6 13. Bd3 0-0-0 14. Bc2 f6 15. Be3 Na5 16. b3 b6 17. 0-0 Nb7 18. Rad1 Nd6 19. Nd2 Nb5 20. Nb1 Nd6 21. f3 Rd7 22. Na3 Rhd8 23. c4 Nxe4 24. fxe4 Bxa3 25. Rxd7 Rxd7 26. Kf2 Bb2 27. Kf3 Bd4 28. Rd1 c5 29. a3 Bf7 30. Bd3 Be6 31. g4 Bb2 32. a4 h5 33. Rd2 hxg4+ 34. hxg4 Bc1 35. Rd1 Bxe3 36. Kxe3 Bxg4 37. Rg1 Be6 38. Be2 Kd8 39. Rd1 g6 40. Rg1 Rg7 41. Bh5 g5 42. Rf1 Ke7 43. Rg1 g4 44. Kf2 Rg5 45. Rh1 g3+ 46. Kg2 f5 47. Bf3 f4 48. Rh7+ Bf7 49. Kh3 Kf6 50. Rh6+ Rg6 51. Rxg6+ Kxg6 52. Kh4 Kh6 53. Kg4 Bh5+ 54. Kf5 Bxf3 55. Kxe5 g2 56. Kxf4 Bxe4 57. Kxe4 g1Q 58. Kd3 Qd4+ 59. Kc2 Kg5 60. Kb1 Kf4 61. Kc2 Ke3 62. Kb1 Qc3 63. a5 Kd2 64. axb6 Qxb3+ 65. Ka1 Kc2 66. bxa7 Qb2# 0-1